[Event "English Open Championship 2024"]
[Site "Holiday Inn, 212 Abbey End, Kenilworth CV8 1ED, United Kingdom"]
[Date "2024.06.21"]
[Round "3.29"]
[White "Burrows, Martin P"]
[Black "Waterfield, Mark B"]
[Result "1-0"]
[TimeControl "G90 + 30secs/move"]
[WhiteFideId "409057"]
[BlackFideId "464910"]
[WhiteElo "2019"]
[BlackElo "1839"]

1. e4 {[%clk 01:30:56]} {[%emt 00:00:04]} e6 {[%clk 01:30:54]} {[%emt
00:00:07]} 2. d4 {[%clk 01:31:19]} {[%emt 00:00:06]} d5 {[%clk 01:31:17]}
{[%emt 00:00:07]} 3. Nc3 {[%clk 01:31:34]} {[%emt 00:00:16]} Bb4 {[%clk
01:27:56]} {[%emt 00:03:51]} 4. e5 {[%clk 01:31:54]} {[%emt 00:00:10]} c5
{[%clk 01:28:16]} {[%emt 00:00:11]} 5. a3 {[%clk 01:32:13]} {[%emt 00:00:10]}
Bxc3+ {[%clk 01:28:39]} {[%emt 00:00:07]} 6. bxc3 {[%clk 01:32:37]} {[%emt
00:00:05]} Qc7 {[%clk 01:29:03]} {[%emt 00:00:07]} 7. Qg4 {[%clk 01:31:25]}
{[%emt 00:01:42]} f5 {[%clk 01:28:41]} {[%emt 00:00:51]} 8. Qg3 {[%clk
01:31:29]} {[%emt 00:00:27]} cxd4 {[%clk 01:28:12]} {[%emt 00:00:59]} 9. cxd4
{[%clk 01:31:23]} {[%emt 00:00:36]} Ne7 {[%clk 01:27:51]} {[%emt 00:00:51]} 10.
Bd2 {[%clk 01:28:37]} {[%emt 00:03:16]} O-O {[%clk 01:25:40]} {[%emt 00:02:40]}
11. Ne2 {[%clk 01:24:09]} {[%emt 00:04:59]} b6 {[%clk 01:06:55]} {[%emt
00:19:15]} 12. Nf4 {[%clk 01:22:24]} {[%emt 00:02:15]} Nec6 {[%clk 00:57:02]}
{[%emt 00:10:23]} 13. c3 {[%clk 01:07:29]} {[%emt 00:15:25]} Qf7 {[%clk
00:55:50]} {[%emt 00:01:42]} 14. h4 {[%clk 01:05:54]} {[%emt 00:02:05]} Ba6
{[%clk 00:55:41]} {[%emt 00:00:40]} 15. Bxa6 {[%clk 01:05:37]} {[%emt
00:00:46]} Nxa6 {[%clk 00:56:04]} {[%emt 00:00:07]} 16. h5 {[%clk 01:05:40]}
{[%emt 00:00:27]} Rfc8 {[%clk 00:36:50]} {[%emt 00:19:44]} 17. h6 {[%clk
01:03:38]} {[%emt 00:02:31]} g6 {[%clk 00:36:56]} {[%emt 00:00:24]} 18. Nh5
{[%clk 00:55:02]} {[%emt 00:09:06]} Nc7 {[%clk 00:35:23]} {[%emt 00:02:03]} 19.
Nf6+ {[%clk 00:50:44]} {[%emt 00:04:49]} Kf8 {[%clk 00:29:27]} {[%emt
00:06:26]} 20. Qh4 {[%clk 00:37:41]} {[%emt 00:13:32]} Ne8 {[%clk 00:19:30]}
{[%emt 00:10:27]} 21. Nxe8 {[%clk 00:37:29]} {[%emt 00:00:42]} Kxe8 {[%clk
00:19:33]} {[%emt 00:00:27]} 22. Rh3 {[%clk 00:32:44]} {[%emt 00:05:14]} Ne7
{[%clk 00:18:50]} {[%emt 00:01:15]} 23. a4 {[%clk 00:29:48]} {[%emt 00:03:26]}
Nc6 {[%clk 00:17:39]} {[%emt 00:01:41]} 24. Rf3 {[%clk 00:28:45]} {[%emt
00:01:32]} Na5 {[%clk 00:16:54]} {[%emt 00:01:16]} 25. g4 {[%clk 00:27:19]}
{[%emt 00:01:55]} Kd7 {[%clk 00:15:12]} {[%emt 00:02:12]} 26. Ke2 {[%clk
00:22:58]} {[%emt 00:04:51]} Rg8 {[%clk 00:15:12]} {[%emt 00:00:30]} 27. Bg5
{[%clk 00:21:17]} {[%emt 00:02:11]} Rac8 {[%clk 00:15:09]} {[%emt 00:00:33]} 28.
Bf6 {[%clk 00:20:23]} {[%emt 00:01:24]} Rc4 {[%clk 00:15:04]} {[%emt 00:00:35]}
29. Rg3 {[%clk 00:16:24]} {[%emt 00:04:29]} Nb3 {[%clk 00:10:37]} {[%emt
00:04:58]} 30. Rb1 {[%clk 00:15:46]} {[%emt 00:01:08]} Na5 {[%clk 00:10:58]}
{[%emt 00:00:08]} 31. gxf5 {[%clk 00:14:39]} {[%emt 00:01:37]} gxf5 {[%clk
00:07:37]} {[%emt 00:03:51]} 32. Rg7 {[%clk 00:13:14]} {[%emt 00:01:55]} Rxg7
{[%clk 00:08:01]} {[%emt 00:00:07]} 33. hxg7 {[%clk 00:13:38]} {[%emt
00:00:06]} Qg6 {[%clk 00:06:14]} {[%emt 00:02:16]} 34. Qg3 {[%clk 00:08:12]}
{[%emt 00:05:56]} Qxg3 {[%clk 00:04:28]} {[%emt 00:02:17]} 35. fxg3 {[%clk
00:08:39]} {[%emt 00:00:02]} Rc8 {[%clk 00:04:54]} {[%emt 00:00:05]} 36. Rh1
{[%clk 00:08:31]} {[%emt 00:00:37]} Rg8 {[%clk 00:05:20]} {[%emt 00:00:04]} 37.
Rxh7 {[%clk 00:08:41]} {[%emt 00:00:21]} Ke8 {[%clk 00:05:49]} 38. Rh8 {[%clk
00:04:32]} {[%emt 00:04:39]} Kf7 {[%clk 00:06:17]} {[%emt 00:00:02]} 39. Kd3
{[%clk 00:04:44]} {[%emt 00:00:17]} Nc4 {[%clk 00:06:24]} {[%emt 00:00:23]} 40.
Kc2 {[%clk 00:04:15]} {[%emt 00:00:59]} a5 {[%clk 00:03:51]} {[%emt 00:03:04]}
41. Kb3 {[%clk 00:03:16]} {[%emt 00:01:29]} Nd2+ {[%clk 00:04:08]} {[%emt
00:00:13]} 42. Ka2 {[%clk 00:03:02]} {[%emt 00:00:44]} Nc4 {[%clk 00:04:35]}
{[%emt 00:00:02]} 43. Rh4 {[%clk 00:02:55]} {[%emt 00:00:38]} Ne3 {[%clk
00:04:46]} {[%emt 00:00:18]} 44. Kb3 {[%clk 00:02:54]} {[%emt 00:00:32]} Nc4
{[%clk 00:05:07]} {[%emt 00:00:07]} 45. g4 {[%clk 00:03:00]} {[%emt 00:00:25]}
Nd2+ {[%clk 00:02:42]} {[%emt 00:02:55]} 46. Kc2 {[%clk 00:03:05]} {[%emt
00:00:25]} Ne4 {[%clk 00:01:52]} {[%emt 00:01:21]} 47. g5 {[%clk 00:02:00]}
{[%emt 00:01:34]} Kg6 {[%clk 00:01:51]} {[%emt 00:00:31]} 48. Rh8 {[%clk
00:02:08]} {[%emt 00:00:23]} Kf7 {[%clk 00:02:17]} {[%emt 00:00:04]} 49. g6+
{[%clk 00:02:15]} {[%emt 00:00:23]} 1-0

[Event "English Open Championship 2024"]
[Site "Holiday Inn, 212 Abbey End, Kenilworth CV8 1ED, United Kingdom"]
[Date "2024.06.21"]
[Round "3.30"]
[White "Alldritt, Nigel Re"]
[Black "Zakarian, Dimitrios Levon"]
[Result "1/2-1/2"]
[TimeControl "G90 + 30secs/move"]
[WhiteFideId "404543"]
[BlackFideId "453080"]
[WhiteElo "1974"]
[BlackElo "1966"]

1. d4 {[%clk 01:30:56]} {[%emt 00:00:02]} Nf6 {[%clk 01:30:54]} {[%emt
00:00:06]} 2. c4 {[%clk 01:31:16]} {[%emt 00:00:11]} e6 {[%clk 01:31:21]}
{[%emt 00:00:04]} 3. g3 {[%clk 01:31:40]} {[%emt 00:00:05]} d5 {[%clk
01:31:46]} {[%emt 00:00:05]} 4. Nf3 {[%clk 01:32:05]} {[%emt 00:00:05]} Be7
{[%clk 01:32:12]} {[%emt 00:00:05]} 5. Bg2 {[%clk 01:32:28]} {[%emt 00:00:06]}
O-O {[%clk 01:32:35]} {[%emt 00:00:06]} 6. O-O {[%clk 01:32:53]} {[%emt
00:00:06]} c6 {[%clk 01:33:02]} {[%emt 00:00:04]} 7. Qc2 {[%clk 01:31:26]}
{[%emt 00:01:55]} b6 {[%clk 01:33:19]} {[%emt 00:00:14]} 8. Rd1 {[%clk
01:29:50]} {[%emt 00:02:06]} Bb7 {[%emt 00:01:58]} 9. Ne5 {[%clk 01:29:05]}
Nfd7 {[%clk 01:24:36]} {[%emt 00:09:00]} 10. Nxd7 {[%clk 01:21:22]} {[%emt
00:08:12]} Qxd7 {[%clk 01:22:54]} {[%emt 00:02:13]} 11. e4 {[%clk 01:07:03]}
{[%emt 00:14:49]} Na6 {[%clk 01:21:21]} {[%emt 00:02:02]} 12. cxd5 {[%clk
00:48:32]} {[%emt 00:19:02]} cxd5 {[%clk 01:15:36]} {[%emt 00:06:14]} 13. e5
{[%clk 00:48:56]} {[%emt 00:00:06]} Nb4 {[%clk 01:15:40]} {[%emt 00:00:26]} 14.
Qb3 {[%emt 00:06:02]} Rfc8 {[%clk 01:14:08]} 15. Na3 {[%clk 00:42:48]} {[%emt
00:03:08]} a5 {[%clk 01:11:00]} {[%emt 00:03:39]} 16. Qf3 {[%clk 00:38:50]}
{[%emt 00:04:27]} Ba6 {[%clk 01:08:26]} {[%emt 00:03:04]} 17. Bf4 {[%clk
00:35:44]} {[%emt 00:03:37]} Ra7 {[%clk 01:03:44]} {[%emt 00:05:11]} 18. Bf1
{[%clk 00:34:23]} {[%emt 00:01:49]} Bxf1 {[%clk 01:02:35]} {[%emt 00:01:42]} 19.
Kxf1 {[%clk 00:33:19]} {[%emt 00:01:34]} Rac7 {[%clk 01:02:24]} {[%emt
00:00:40]} 20. Qe2 {[%clk 00:29:48]} {[%emt 00:04:00]} Nc2 {[%clk 00:54:50]}
{[%emt 00:08:06]} 21. Nxc2 {[%clk 00:28:43]} {[%emt 00:01:33]} Rxc2 {[%clk
00:53:59]} {[%emt 00:01:23]} 22. Rd2 {[%clk 00:28:17]} {[%emt 00:00:54]} Rxd2
{[%clk 00:52:28]} {[%emt 00:02:02]} 23. Qxd2 {[%clk 00:28:11]} {[%emt
00:00:34]} Qb5+ {[%clk 00:52:25]} {[%emt 00:00:35]} 24. Kg2 {[%clk 00:27:13]}
{[%emt 00:01:28]} Bb4 {[%clk 00:51:03]} {[%emt 00:01:52]} 25. Rc1 {[%clk
00:23:30]} {[%emt 00:04:11]} Rc4 {[%clk 00:45:45]} {[%emt 00:05:50]} 26. Qe2
{[%clk 00:20:43]} {[%emt 00:03:17]} Qc6 {[%clk 00:45:20]} {[%emt 00:00:56]} 27.
Rxc4 {[%clk 00:20:32]} {[%emt 00:00:40]} dxc4+ {[%clk 00:45:31]} {[%emt
00:00:20]} 28. Qf3 {[%clk 00:20:56]} {[%emt 00:00:05]} Qd5 {[%clk 00:45:49]}
{[%emt 00:00:13]} 29. a3 {[%clk 00:19:20]} {[%emt 00:02:05]} Be7 {[%clk
00:44:51]} {[%emt 00:01:28]} 30. Qxd5 {[%clk 00:19:15]} {[%emt 00:00:35]} exd5
{[%clk 00:45:17]} {[%emt 00:00:05]} 31. Bd2 {[%clk 00:19:01]} {[%emt 00:00:43]}
Kf8 {[%clk 00:43:35]} {[%emt 00:02:12]} 32. f4 {[%clk 00:17:27]} {[%emt
00:02:04]} f5 {[%clk 00:37:47]} {[%emt 00:06:19]} 33. h3 {[%clk 00:15:57]}
{[%emt 00:01:58]} Ke8 {[%clk 00:37:41]} {[%emt 00:00:37]} 34. Kf3 {[%clk
00:14:03]} {[%emt 00:02:24]} Kd7 {[%clk 00:37:50]} {[%emt 00:00:21]} 35. Ke2
{[%clk 00:13:31]} {[%emt 00:01:02]} Kc6 {[%clk 00:37:48]} {[%emt 00:00:33]} 36.
Kd1 {[%clk 00:12:13]} {[%emt 00:01:47]} Kb5 {[%clk 00:37:38]} {[%emt 00:00:40]}
37. Kc2 {[%clk 00:12:22]} {[%emt 00:00:21]} Ka4 {[%clk 00:37:48]} {[%emt
00:00:20]} 38. g4 {[%clk 00:10:51]} {[%emt 00:01:59]} 1/2-1/2

[Event "English Open Championship 2024"]
[Site "Holiday Inn, 212 Abbey End, Kenilworth CV8 1ED, United Kingdom"]
[Date "2024.06.21"]
[Round "3.32"]
[White "Pink, Joshua"]
[Black "Quillaud, Maxime"]
[Result "0-1"]
[TimeControl "G90 + 30secs/move"]
[WhiteFideId "424790"]
[BlackFideId "343272007"]
[WhiteElo "1892"]
[BlackElo "1932"]

1. e4 {[%clk 01:30:21]} {[%emt 00:00:33]} c5 {[%clk 01:30:59]} {[%emt
00:00:09]} 2. Nf3 {[%clk 01:30:36]} {[%emt 00:00:13]} d6 {[%clk 01:31:26]}
{[%emt 00:00:05]} 3. d4 {[%clk 01:30:38]} {[%emt 00:00:26]} cxd4 {[%clk
01:31:55]} {[%emt 00:00:02]} 4. Nxd4 {[%clk 01:30:57]} {[%emt 00:00:10]} Nf6
{[%clk 01:32:23]} {[%emt 00:00:03]} 5. Bc4 {[%clk 01:30:51]} {[%emt 00:00:36]}
e6 {[%clk 01:31:47]} {[%emt 00:01:07]} 6. O-O {[%clk 01:30:56]} {[%emt
00:00:23]} a6 {[%clk 01:30:04]} {[%emt 00:02:14]} 7. Re1 {[%clk 01:31:19]}
{[%emt 00:00:06]} Nbd7 {[%clk 01:29:15]} {[%emt 00:01:20]} 8. Be3 {[%clk
01:27:27]} {[%emt 00:04:22]} Qc7 {[%clk 01:25:56]} {[%emt 00:03:50]} 9. Nd2
{[%clk 01:25:35]} {[%emt 00:02:20]} b5 {[%clk 01:25:07]} {[%emt 00:01:20]} 10.
Bb3 {[%clk 01:24:31]} {[%emt 00:01:33]} Nc5 {[%clk 01:24:41]} {[%emt 00:00:57]}
11. f3 {[%clk 01:24:16]} {[%emt 00:00:44]} Be7 {[%clk 01:23:50]} {[%emt
00:01:21]} 12. c3 {[%clk 01:21:24]} {[%emt 00:03:21]} Nd3 {[%clk 01:21:26]}
{[%emt 00:02:55]} 13. Re2 {[%clk 01:17:36]} {[%emt 00:04:19]} Nxb2 {[%clk
01:20:47]} {[%emt 00:01:09]} 14. Qc2 {[%clk 01:17:51]} {[%emt 00:00:14]} Nc4
{[%clk 01:20:08]} {[%emt 00:01:10]} 15. Nxc4 {[%clk 01:12:06]} {[%emt
00:06:14]} bxc4 {[%clk 01:20:25]} {[%emt 00:00:14]} 16. Ba4+ {[%clk 01:12:31]}
{[%emt 00:00:05]} Bd7 {[%clk 01:20:25]} {[%emt 00:00:30]} 17. Rb1 {[%clk
01:12:33]} {[%emt 00:00:29]} O-O {[%clk 01:18:04]} {[%emt 00:02:51]} 18. Qd1
{[%clk 01:08:32]} {[%emt 00:04:30]} Rfb8 {[%clk 01:16:05]} {[%emt 00:02:29]} 19.
Reb2 {[%clk 01:08:37]} {[%emt 00:00:25]} d5 {[%clk 01:09:25]} {[%emt 00:07:10]}
20. Rxb8+ {[%clk 01:07:08]} {[%emt 00:01:59]} Rxb8 {[%clk 01:05:14]} {[%emt
00:04:41]} 21. Rxb8+ {[%clk 01:07:29]} Qxb8 {[%clk 01:05:42]} {[%emt 00:00:11]}
22. Bxd7 {[%clk 01:05:37]} {[%emt 00:02:22]} Nxd7 {[%clk 01:06:09]} {[%emt
00:00:03]} 23. exd5 {[%clk 01:05:47]} {[%emt 00:00:20]} Qe5 {[%clk 01:02:26]}
{[%emt 00:04:13]} 24. Nc2 {[%clk 01:00:31]} {[%emt 00:05:46]} exd5 {[%clk
00:59:16]} {[%emt 00:03:41]} 25. Bd4 {[%clk 01:00:05]} {[%emt 00:00:55]} Qb8
{[%clk 00:57:36]} {[%emt 00:02:09]} 26. Ne3 {[%clk 00:59:32]} {[%emt 00:01:03]}
Qb7 {[%clk 00:56:53]} {[%emt 00:01:15]} 27. Qd2 {[%clk 00:51:51]} {[%emt
00:08:10]} Nc5 {[%clk 00:49:58]} {[%emt 00:07:24]} 28. Qe2 {[%clk 00:47:04]}
{[%emt 00:05:16]} Ne6 {[%clk 00:45:33]} {[%emt 00:04:56]} 29. Nc2 {[%clk
00:45:04]} {[%emt 00:02:30]} h5 {[%clk 00:40:37]} {[%emt 00:05:26]} 30. g3
{[%clk 00:42:39]} {[%emt 00:02:55]} Qb1+ {[%clk 00:38:58]} {[%emt 00:02:09]} 31.
Kg2 {[%clk 00:41:59]} {[%emt 00:01:10]} Qxa2 {[%clk 00:38:08]} {[%emt
00:01:20]} 32. Be5 {[%clk 00:41:38]} {[%emt 00:00:52]} Qb2 {[%clk 00:35:09]}
{[%emt 00:03:30]} 33. f4 {[%clk 00:41:52]} {[%emt 00:00:16]} Nc5 {[%clk
00:33:09]} {[%emt 00:02:29]} 34. Kh3 {[%clk 00:40:41]} {[%emt 00:01:41]} Ne4
{[%clk 00:30:57]} {[%emt 00:02:42]} 35. Bd4 {[%clk 00:39:47]} {[%emt 00:01:24]}
Bd8 {[%clk 00:28:06]} {[%emt 00:03:20]} 36. Qd1 {[%clk 00:38:28]} {[%emt
00:01:49]} Qxc3 {[%clk 00:26:00]} {[%emt 00:02:37]} 37. Bxc3 {[%clk 00:34:24]}
{[%emt 00:04:34]} Nf2+ {[%clk 00:26:28]} {[%emt 00:00:02]} 38. Kg2 {[%clk
00:34:48]} {[%emt 00:00:06]} Nxd1 {[%clk 00:26:50]} {[%emt 00:00:07]} 39. Bd4
{[%clk 00:34:56]} {[%emt 00:00:23]} Bf6 {[%clk 00:22:15]} {[%emt 00:05:04]} 40.
Bxf6 {[%clk 00:35:20]} {[%emt 00:00:06]} gxf6 {[%clk 00:22:44]} {[%emt
00:00:02]} 41. Kf3 {[%clk 00:35:44]} {[%emt 00:00:05]} a5 {[%clk 00:21:11]}
{[%emt 00:02:04]} 42. Ke2 {[%clk 00:35:30]} {[%emt 00:00:43]} Nc3+ {[%clk
00:20:31]} {[%emt 00:01:11]} 43. Kd2 {[%clk 00:35:47]} {[%emt 00:00:12]} Nb5
{[%clk 00:19:56]} {[%emt 00:01:05]} 44. Ne3 {[%clk 00:35:27]} {[%emt 00:00:51]}
c3+ {[%clk 00:18:49]} {[%emt 00:01:37]} 45. Kc2 {[%clk 00:34:37]} {[%emt
00:01:20]} d4 {[%clk 00:19:06]} {[%emt 00:00:13]} 46. Nd5 {[%clk 00:35:04]}
{[%emt 00:00:03]} Kg7 {[%clk 00:18:42]} {[%emt 00:00:54]} 47. h3 {[%clk
00:35:12]} {[%emt 00:00:21]} f5 {[%clk 00:18:05]} {[%emt 00:01:08]} 48. Kb3
{[%clk 00:34:35]} {[%emt 00:01:08]} a4+ {[%clk 00:18:08]} {[%emt 00:00:26]} 49.
Kc2 {[%clk 00:34:49]} {[%emt 00:00:16]} a3 {[%clk 00:17:17]} {[%emt 00:01:21]}
50. Nb4 {[%clk 00:35:12]} {[%emt 00:00:07]} Kh6 {[%clk 00:17:24]} {[%emt
00:00:22]} 51. Kd3 {[%clk 00:35:37]} {[%emt 00:00:06]} h4 {[%clk 00:17:01]}
{[%emt 00:00:53]} 52. gxh4 {[%clk 00:36:02]} {[%emt 00:00:05]} Kh5 {[%clk
00:17:06]} {[%emt 00:00:25]} 53. Kc4 {[%clk 00:36:27]} {[%emt 00:00:04]} Kxh4
{[%clk 00:16:48]} {[%emt 00:00:48]} 54. Na2 {[%clk 00:36:39]} {[%emt 00:00:18]}
Kxh3 {[%clk 00:15:43]} {[%emt 00:01:36]} 55. Kxb5 {[%clk 00:37:03]} {[%emt
00:00:06]} d3 {[%clk 00:15:10]} {[%emt 00:01:03]} 56. Kc4 {[%clk 00:36:59]}
{[%emt 00:00:34]} d2 {[%clk 00:15:20]} {[%emt 00:00:20]} 57. Nxc3 {[%clk
00:37:17]} {[%emt 00:00:11]} a2 {[%clk 00:15:39]} {[%emt 00:00:11]} 0-1

[Event "English Open Championship 2024"]
[Site "Holiday Inn, 212 Abbey End, Kenilworth CV8 1ED, United Kingdom"]
[Date "2024.06.21"]
[Round "3.33"]
[White "Dasgupta, Avyukt"]
[Black "Green, Michael"]
[Result "1/2-1/2"]
[TimeControl "G90 + 30secs/move"]
[WhiteFideId "480630"]
[BlackFideId "437514"]
[WhiteElo "2031"]
[BlackElo "1961"]

1. Nf3 {[%clk 01:30:54]} {[%emt 00:00:06]} Nf6 {[%clk 01:28:53]} {[%emt
00:02:07]} 2. d4 {[%clk 01:30:48]} {[%emt 00:00:37]} c5 {[%clk 01:29:11]}
{[%emt 00:00:11]} 3. c3 {[%clk 01:30:57]} {[%emt 00:00:22]} b6 {[%clk
01:27:17]} {[%emt 00:02:24]} 4. Bg5 {[%clk 01:30:30]} {[%emt 00:00:58]} Bb7
{[%clk 01:25:12]} {[%emt 00:02:34]} 5. Nbd2 {[%clk 01:25:25]} {[%emt 00:05:35]}
g6 {[%clk 01:24:47]} {[%emt 00:00:55]} 6. e3 {[%clk 01:18:00]} {[%emt
00:07:56]} Bg7 {[%clk 01:24:47]} {[%emt 00:00:29]} 7. Bd3 {[%clk 01:10:15]}
{[%emt 00:08:15]} d6 {[%clk 01:25:01]} {[%emt 00:00:15]} 8. O-O {[%clk
01:09:32]} {[%emt 00:01:14]} Nbd7 {[%clk 01:23:41]} {[%emt 00:01:50]} 9. Qc2
{[%clk 01:07:09]} {[%emt 00:02:53]} O-O {[%clk 01:23:05]} {[%emt 00:01:06]} 10.
Ne4 {[%clk 01:06:12]} {[%emt 00:01:27]} Rc8 {[%clk 01:20:50]} {[%emt 00:02:45]}
11. Nxf6+ {[%clk 01:01:58]} {[%emt 00:04:45]} Nxf6 {[%clk 01:20:55]} {[%emt
00:00:24]} 12. Qe2 {[%clk 00:59:36]} {[%emt 00:02:53]} Rc7 {[%clk 01:15:09]}
{[%emt 00:06:14]} 13. e4 {[%clk 00:50:55]} {[%emt 00:09:12]} cxd4 {[%clk
01:13:48]} {[%emt 00:01:51]} 14. Nxd4 {[%clk 00:50:47]} {[%emt 00:00:38]} Qa8
{[%clk 01:11:52]} {[%emt 00:02:25]} 15. Rae1 {[%clk 00:41:48]} {[%emt
00:09:29]} a6 {[%clk 00:59:44]} {[%emt 00:12:39]} 16. f3 {[%clk 00:30:55]}
{[%emt 00:11:23]} b5 {[%clk 00:54:56]} {[%emt 00:05:17]} 17. a3 {[%clk
00:30:27]} {[%emt 00:00:58]} Re8 {[%clk 00:53:35]} {[%emt 00:01:51]} 18. Nc2
{[%clk 00:22:07]} {[%emt 00:08:51]} Nd7 {[%clk 00:52:41]} {[%emt 00:01:23]} 19.
f4 {[%clk 00:20:00]} {[%emt 00:02:38]} e6 {[%clk 00:50:14]} {[%emt 00:02:57]}
20. Bh4 {[%clk 00:13:54]} {[%emt 00:06:36]} Nc5 {[%clk 00:47:33]} {[%emt
00:03:11]} 21. Bf2 {[%clk 00:13:09]} {[%emt 00:01:15]} Rec8 {[%clk 00:43:04]}
{[%emt 00:04:58]} 22. Bxc5 {[%clk 00:10:27]} {[%emt 00:03:12]} Rxc5 {[%clk
00:42:51]} {[%emt 00:00:43]} 23. Nd4 {[%clk 00:10:34]} {[%emt 00:00:24]} e5
{[%clk 00:38:23]} {[%emt 00:04:58]} 24. Nb3 {[%clk 00:10:29]} {[%emt 00:00:35]}
R5c7 {[%clk 00:38:46]} {[%emt 00:00:07]} 25. Na5 {[%clk 00:06:46]} {[%emt
00:04:13]} Qa7+ {[%clk 00:36:51]} {[%emt 00:02:25]} 26. Qf2 {[%clk 00:07:04]}
{[%emt 00:00:12]} Ba8 {[%clk 00:34:43]} {[%emt 00:02:38]} 27. Qxa7 {[%clk
00:07:27]} {[%emt 00:00:08]} Rxa7 {[%clk 00:35:08]} {[%emt 00:00:04]} 28. f5
{[%clk 00:02:57]} {[%emt 00:05:00]} f6 {[%clk 00:32:18]} {[%emt 00:03:19]} 29.
c4 {[%clk 00:02:34]} {[%emt 00:00:54]} Bh6 {[%clk 00:26:50]} {[%emt 00:05:58]}
30. Re2 {[%clk 00:02:32]} {[%emt 00:00:32]} Bg5 {[%clk 00:26:56]} {[%emt
00:00:23]} 31. g4 {[%clk 00:01:21]} {[%emt 00:01:42]} Kg7 {[%clk 00:27:06]}
{[%emt 00:00:20]} 32. b4 {[%clk 00:01:31]} {[%emt 00:00:21]} bxc4 {[%clk
00:25:50]} {[%emt 00:01:46]} 33. Bxc4 {[%clk 00:01:32]} {[%emt 00:00:28]} Rac7
{[%clk 00:25:26]} {[%emt 00:00:53]} 34. Bxa6 {[%clk 00:01:36]} {[%emt
00:00:27]} Rc2 {[%clk 00:25:53]} {[%emt 00:00:02]} 35. Rff2 {[%clk 00:01:16]}
{[%emt 00:00:51]} Rxe2 {[%clk 00:26:06]} {[%emt 00:00:17]} 36. Rxe2 {[%clk
00:01:43]} {[%emt 00:00:02]} Rc3 {[%clk 00:26:18]} {[%emt 00:00:18]} 37. Bb7
{[%clk 00:01:08]} {[%emt 00:01:07]} Bxb7 {[%clk 00:24:43]} {[%emt 00:02:05]} 38.
Nxb7 {[%clk 00:01:37]} {[%emt 00:00:01]} Rxa3 {[%clk 00:25:05]} {[%emt
00:00:07]} 39. Nxd6 {[%clk 00:01:29]} {[%emt 00:00:37]} Rb3 {[%clk 00:22:45]}
{[%emt 00:02:50]} 40. b5 {[%clk 00:01:32]} {[%emt 00:00:28]} Be3+ {[%clk
00:23:08]} {[%emt 00:00:07]} 41. Kg2 {[%clk 00:01:49]} {[%emt 00:00:13]} Bc5
{[%clk 00:23:31]} {[%emt 00:00:06]} 42. Ne8+ {[%clk 00:02:05]} {[%emt
00:00:15]} Kf7 {[%clk 00:23:47]} {[%emt 00:00:13]} 43. Nc7 {[%clk 00:02:20]}
{[%emt 00:00:16]} gxf5 {[%clk 00:18:05]} {[%emt 00:06:12]} 44. gxf5 {[%clk
00:02:10]} {[%emt 00:00:40]} Bd6 {[%clk 00:18:11]} {[%emt 00:00:23]} 45. Rc2
{[%clk 00:02:22]} {[%emt 00:00:18]} Bxc7 {[%clk 00:12:56]} {[%emt 00:05:45]} 46.
Rxc7+ {[%clk 00:02:50]} {[%emt 00:00:03]} Kg8 {[%clk 00:13:22]} {[%emt
00:00:04]} 47. Rb7 {[%clk 00:03:07]} {[%emt 00:00:13]} Re3 {[%clk 00:12:40]}
{[%emt 00:01:11]} 48. b6 {[%clk 00:03:25]} {[%emt 00:00:13]} Rb3 {[%clk
00:11:27]} {[%emt 00:01:42]} 49. Kf2 {[%clk 00:03:49]} {[%emt 00:00:07]} h5
{[%clk 00:10:40]} {[%emt 00:01:16]} 50. h4 {[%clk 00:03:43]} {[%emt 00:00:36]}
Kf8 {[%clk 00:08:17]} {[%emt 00:02:54]} 51. Ke2 {[%clk 00:03:03]} {[%emt
00:01:10]} Ke8 {[%clk 00:08:43]} {[%emt 00:00:03]} 52. Kd2 {[%clk 00:03:06]}
{[%emt 00:00:28]} Kd8 {[%clk 00:09:03]} {[%emt 00:00:10]} 53. Kc2 {[%clk
00:03:21]} {[%emt 00:00:15]} Rb4 {[%clk 00:08:24]} {[%emt 00:01:09]} 54. Kd3
{[%clk 00:01:48]} {[%emt 00:02:03]} Rd4+ {[%clk 00:07:35]} {[%emt 00:01:19]} 55.
Ke3 {[%clk 00:01:59]} {[%emt 00:00:19]} Rb4 {[%clk 00:07:52]} {[%emt 00:00:13]}
56. Kd3 {[%clk 00:02:14]} {[%emt 00:00:15]} Rd4+ {[%clk 00:08:18]} {[%emt
00:00:04]} 57. Ke3 {[%clk 00:02:41]} {[%emt 00:00:02]} Rb4 {[%clk 00:08:34]}
{[%emt 00:00:14]} 58. Rb8+ {[%clk 00:02:42]} {[%emt 00:00:30]} Kd7 {[%clk
00:08:44]} {[%emt 00:00:20]} 59. Rf8 {[%clk 00:02:53]} {[%emt 00:00:19]} Rxb6
{[%clk 00:08:33]} {[%emt 00:00:42]} 60. Rf7+ {[%clk 00:03:17]} {[%emt
00:00:05]} Ke8 {[%clk 00:08:49]} {[%emt 00:00:14]} 61. Rh7 {[%emt 00:00:02]}
Rb3+ {[%clk 00:08:18]} {[%emt 00:01:00]} 62. Kd2 {[%clk 00:04:10]} {[%emt
00:00:07]} Kf8 {[%clk 00:03:55]} {[%emt 00:04:52]} 63. Rh8+ {[%clk 00:03:42]}
{[%emt 00:00:58]} Kg7 {[%clk 00:04:06]} {[%emt 00:00:19]} 64. Rxh5 {[%clk
00:04:08]} {[%emt 00:00:04]} Rf3 {[%clk 00:02:38]} {[%emt 00:01:57]} 65. Ke2
{[%clk 00:04:36]} {[%emt 00:00:02]} Rf4 {[%clk 00:02:03]} {[%emt 00:01:06]} 66.
Ke3 {[%clk 00:04:51]} {[%emt 00:00:14]} Rg4 {[%clk 00:02:07]} {[%emt 00:00:26]}
67. Kf3 {[%clk 00:05:12]} {[%emt 00:00:10]} Rf4+ {[%clk 00:01:14]} {[%emt
00:01:22]} 1/2-1/2